I Feel It Coming - The Weeknd Lyrics - Statistics

General Stats
  • This quiz has been taken 333 times
  • The average score is 239 of 280
Answer Stats
Hint Answer % Correct
I
99%
it
99%
coming,
98%
feel
98%
you
98%
You
98%
a
97%
me
95%
can
94%
your
94%
have
93%
to
93%
To
93%
what
93%
don't
92%
by-
91%
Just
91%
just
91%
Baby,
90%
baby,
90%
We
90%
Tell
89%
tell
89%
and
88%
like
88%
my
87%
take
87%
the
87%
time
87%
when
87%
in
86%
love
86%
really
86%
you're
86%
eyes
85%
see
85%
free
84%
know
84%
of
84%
simple
84%
step-
84%
step
84%
with
84%
been
83%
alone
82%
did
81%
scared
81%
touch
81%
rush
80%
set
80%
You've
80%
you've
80%
Yeah,
79%
between
77%
'Cause
77%
through
77%
lies
76%
body
75%
legs
75%
never
75%
run,
75%
they
74%
shake
71%
10x | 4x | 8x babe
70%
heat
68%
that
68%
ever
63%
fight
62%
try
61%
So
56%
are
54%
make
54%
not
54%
want
54%
I'm
53%
right
52%
single
51%
this
51%
get
50%
need
49%
let
48%
night
48%
perfect
47%
give
46%
got
46%
lonely
46%
type
45%
high
42%
9x na
41%
tryna
40%
uh
36%
faded
34%
now
32%
Hey!
18%
No matching quizzes found
Score Distribution
Percent of People with Each Score
Percentile by Number Answered
Your Score History
You have not taken this quiz